000 00648nam a2200193 4500
005 20260306163650.0
008 260306b |||||||| |||| 00| 0 eng d
020 _a978-81-19772-02-5
040 _aNational Science Library
_cNational Science Library
080 _a821.214.21 CHA
_bQ4.2
245 _aपृथ्वी खोजती हो अपना होना
_cभाग-2
246 _aPrithvee khojtee ho apna hona
260 _aBhopal:
_bAisect Publications,
300 _a368p.
490 _aविज्ञान कविता कोश
650 _aHindi literature
700 _aChoubey, Santosh (Ed.)
942 _2udc
_cHBK
999 _c67868
_d67868